000 00288nam a22001337a 4500
008 181024b xxu||||| |||| 00| 0 eng d
020 _a0070557535
041 _aeng
080 _a159.9
100 _a48
101 _aPSI
245 _aStuttering Solved
_cShwartz,M.F
942 _2udc
_cBK
999 _c50857
_d50857